Every Major City in Yemen - Statistics

General Stats
  • This quiz has been taken 5 times
  • The average score is 3 of 5
Answer Stats
Answer % Correct
Aden
100%
Sanaa
100%
Al Hudaydah
40%
Sadah
40%
Taiz
20%
No matching quizzes found
Score Distribution
Percent of People with Each Score
Percentile by Number Answered
Your Score History
You have not taken this quiz